Prepáčte, pán Einstein alebo o netušených možnostiach

Biológia ako základ technického pokroku v budúcnosti – symbióza živého a umelého – človeka a stroja. Budúcnosť v oblasti v nanotechnológií. Vývoj najdôležitejších oblastí ľudského pôsobenia.

Na minha lista:
Detalhes bibliográficos
Autor principal: Marianyi, Peter
Formato: Capítulo de Livro
Idioma:eslovaco
Assuntos:
Tags: Adicionar Tag
Sem tags, seja o primeiro a adicionar uma tag!

MARC

LEADER 00000naa a2200000 4500
001 0224282
005 20230912114852.2
041 0 |a slo 
044 |a SK 
245 1 0 |a Prepáčte, pán Einstein alebo o netušených možnostiach  |c Peter Marianyi 
520 |a Biológia ako základ technického pokroku v budúcnosti – symbióza živého a umelého – človeka a stroja. Budúcnosť v oblasti v nanotechnológií. Vývoj najdôležitejších oblastí ľudského pôsobenia. 
610 2 0 |a nanotechnológie 
610 2 0 |a objavy vedecké 
610 2 0 |a pokrok technický 
610 2 0 |a fyzika 
610 2 0 |a biológia 
610 2 0 |a inteligencia umelá 
610 2 0 |a pokrok vedeckotechnický 
100 1 |a Marianyi, Peter